Mobile commerce and wireless computing systems / (Record no. 439)
[ view plain ]
| 000 -LEADER | |
|---|---|
| fixed length control field | 00616cac a22001691u 4500 |
| 008 - FIXED-LENGTH DATA ELEMENTS--GENERAL INFORMATION | |
| fixed length control field | 081105s2004 nyu|||||r|||| 00| 0 eng d |
| 010 ## - LIBRARY OF CONGRESS CONTROL NUMBER | |
| LC control number | 2003051276 |
| 020 ## - INTERNATIONAL STANDARD BOOK NUMBER | |
| International Standard Book Number | 0201752409 (alk. paper) |
| 082 00 - DEWEY DECIMAL CLASSIFICATION NUMBER | |
| Classification number | 004.165 |
| Item number | E463 |
| Edition number | 22 |
| 245 10 - TITLE STATEMENT | |
| Title | Mobile commerce and wireless computing systems / |
| Statement of responsibility, etc | Geoffrey Elliott and Nigel Phillips. |
| 260 ## - PUBLICATION, DISTRIBUTION, ETC. (IMPRINT) | |
| Place of publication, distribution, etc | Harlow, England ; |
| -- | New York : |
| Name of publisher, distributor, etc | Pearson/Addison Wesley, |
| Date of publication, distribution, etc | 2004. |
| 300 ## - PHYSICAL DESCRIPTION | |
| Extent | xviii, 532 p. : |
| Other physical details | ill. ; |
| Dimensions | 24 cm. |
| 650 #0 - SUBJECT ADDED ENTRY--TOPICAL TERM | |
| Topical term or geographic name as entry element | Mobile computing. |
| 9 (RLIN) | 33354 |
| 650 #0 - SUBJECT ADDED ENTRY--TOPICAL TERM | |
| Topical term or geographic name as entry element | Wireless communication systems. |
| 9 (RLIN) | 33355 |
| 700 1# - ADDED ENTRY--PERSONAL NAME | |
| Personal name | Phillips, Nigel, |
| Dates associated with a name | 1956- |
| 9 (RLIN) | 33356 |
| 942 ## - ADDED ENTRY ELEMENTS (KOHA) | |
| Item type | Book - Borrowing |
| Call number prefix | 004.165E463 |
| Source of classification or shelving scheme | Dewey Decimal Classification |
| Withdrawn status | Item status | Source of classification or shelving scheme | Damaged status | Not for loan | Vendor | Home library | Current library | Shelving location | Date acquired | Source of acquisition | Cost, normal purchase price | Total Checkouts | Full call number | Barcode | Date last seen | Date last borrowed | Cost, replacement price | Koha item type |
|---|---|---|---|---|---|---|---|---|---|---|---|---|---|---|---|---|---|---|
| Dewey Decimal Classification | Central Library | Central Library | Lower Floor | 06/05/2011 | 321.00 | 3 | 004.165 ELL | 000004186 | 15/07/2025 | 30/04/2012 | 401.25 | Book - Borrowing |